| 000 | 00579nam a22001937a 4500 | ||
|---|---|---|---|
| 999 |
_c18159 _d18159 |
||
| 008 | 200123b xxu||||| |||| 00| 0 eng d | ||
| 020 | _a9966223357 | ||
| 040 |
_aKABU _cKABU |
||
| 050 |
_aLC2781 _b.C44 2012 c. 1 |
||
| 100 | _aChenge, Fungo | ||
| 245 |
_aGeneral knowledge _cFungo Chenge, Agumba Ndalo, Peter Waswa |
||
| 260 |
_aNairobi, Kenya _bLonghorn _c2012 |
||
| 300 | _aix, 190 p. | ||
| 650 |
_aGeneral education _zKenya |
||
| 650 |
_aECDE teacher trainees and trainers _zKenya |
||
| 700 | _aNdalo, Agumba | ||
| 700 | _aWaswa, Peter | ||
| 942 |
_2lcc _cBK _hLC2781 |
||